Fundamentals of railway design / (Record no. 171887)

MARC details
000 -LEADER
fixed length control field 00881cam a2200265 i 4500
001 - CONTROL NUMBER
control field 1371104531
003 - CONTROL NUMBER IDENTIFIER
control field OCoLC
005 - DATE AND TIME OF LATEST TRANSACTION
control field 20250609092029.0
008 - FIXED-LENGTH DATA ELEMENTS--GENERAL INFORMATION
fixed length control field 230224s2023 sz a o 000 0 eng d
020 ## - INTERNATIONAL STANDARD BOOK NUMBER
Canceled/invalid ISBN 9783031240294
024 7# - OTHER STANDARD IDENTIFIER
Standard number or code 10.1007/978-3-031-24030-0
040 ## - CATALOGING SOURCE
Original cataloging agency GW5XE
Language of cataloging eng
Description conventions rda
Transcribing agency NUST
Modifying agency NUST
050 #4 - LIBRARY OF CONGRESS CALL NUMBER
Classification number TF200 GUE
100 1# - MAIN ENTRY--PERSONAL NAME
Personal name Guerrieri, Marco,
Dates associated with a name 1976-
Relator term author
245 10 - TITLE STATEMENT
Title Fundamentals of railway design /
Statement of responsibility, etc. Marco Guerrieri
260 ## - PUBLICATION, DISTRIBUTION, ETC.
Place of publication, distribution, etc. Italy,
Name of publisher, distributor, etc. Springer,
Date of publication, distribution, etc. ©2023.
300 ## - PHYSICAL DESCRIPTION
Extent 264 pages :
Other physical details illustrations (black and white, and colour)
Dimensions 26 cm.
336 ## - CONTENT TYPE
Content type term text
Content type code txt
Source rdacontent
337 ## - MEDIA TYPE
Media type term unmedia
Media type code n
Source rdamedia
338 ## - CARRIER TYPE
Carrier type term volume
Carrier type code nc
Source rdacarrier
504 ## - BIBLIOGRAPHY, ETC. NOTE
Bibliography, etc. note Bibliographic References and Index.
650 #0 - SUBJECT ADDED ENTRY--TOPICAL TERM
Topical term or geographic name entry element Railroads
General subdivision Design and construction.
650 #0 - SUBJECT ADDED ENTRY--TOPICAL TERM
Topical term or geographic name entry element Railroad engineering.
942 ## - ADDED ENTRY ELEMENTS (KOHA)
Source of classification or shelving scheme Library of Congress Classification
Suppress in OPAC No
Koha item type Ordinary Loan Books
Classification part TF200.GUE
Call number prefix TF
Call number suffix GUE
Holdings
Withdrawn status Lost status Source of classification or shelving scheme Damaged status Not for loan Collection Home library Current library Shelving location Date acquired Source of acquisition Cost, normal purchase price Total Checkouts Full call number Barcode Date last seen Accession number Cost, replacement price Price effective from Koha item type Public note
    LCC     NFIC MAIN MAIN GEN 05/29/2025 Book Aid International 61.00   TF200 GUE 92004054443 05/29/2025 61856 61.00 05/29/2025 BOOKS Donation